| 000 | 00954nam0a22002291 4500 | ||
|---|---|---|---|
| 001 | v19\rc\1309513 | ||
| 005 | 20260407010414.0 | ||
| 035 | _a(NLR Aleph) 004466563 | ||
| 090 |
_a4542548 _c4542548 |
||
| 100 | _a20060512d1898 |||y0rusy50 ca | ||
| 101 | 0 | _arus | |
| 102 | _aRU | ||
| 105 | _ay z ||||| | ||
| 200 | 1 |
_aПоложение о премии имени ординарного профессора Казанского университета Д.И. Дубяго при Физико-математическом обществе, состоящем при Казанском университете _e[Утв. 22 мая 1898 г.] |
|
| 210 |
_aКазань _d1898 |
||
| 215 | _a[2] с. | ||
| 710 | 0 | 2 |
_aФизико-математическое общество _cКазань, до 1917 г. _9492371 _3RU\NLR\AUTH\889997565 |
| 801 | 0 |
_aRU _bNLR _gpsbo |
|
| 801 | 1 |
_aRU _bProSoft-M _2rusmarc |
|
| 852 |
_aNLR _j18.287.7.255 |
||
| 942 | _cBOOK | ||
| 980 | _aNB | ||